[Event "DVM U16 2021"]
[Site "Kiel GER"]
[Date "2022.07.25"]
[Round "6"]
[White "Leuthier, Richard"]
[Black "Schedel, Loris"]
[Result "1/2-1/2"]
[Termination "normal"]
[Board "8.3"]
[WhiteElo "1145"]
[BlackElo "1520"]
[WhiteClock "00:44:03"]
[BlackClock "00:07:41"]
[WhiteTeam "SV Grün-Weiß Niederwiesa"]
[BlackTeam "SF 1876 Göppingen"]
[PlyCount "88"]
[WhiteFideId "34628363"]
[BlackFideId "16255542"]
[EventCountry "GER"]
[EventRounds "7"]
[EventType "team-swiss"]
[EventDate "2022.07.22"]

1. d4 {[%clk 01:30:59]} {[%emt 00:00:01]} Nf6 {[%clk 01:30:39]} {[%emt
00:00:21]} 2. Nf3 {[%clk 01:31:10]} {[%emt 00:00:19]} e6 {[%clk 01:31:00]}
{[%emt 00:00:09]} 3. e3 {[%clk 01:31:22]} {[%emt 00:00:18]} d5 {[%clk
01:31:03]} {[%emt 00:00:26]} 4. Bd3 {[%clk 01:31:30]} {[%emt 00:00:23]} c5
{[%clk 01:30:57]} {[%emt 00:00:36]} 5. c3 {[%clk 01:31:36]} {[%emt 00:00:24]}
Nc6 {[%clk 01:31:10]} {[%emt 00:00:16]} 6. Nbd2 {[%clk 01:31:37]} {[%emt
00:00:30]} c4 {[%clk 01:31:16]} {[%emt 00:00:23]} 7. Bc2 {[%clk 01:31:56]}
{[%emt 00:00:12]} Bd6 {[%clk 01:31:24]} {[%emt 00:00:21]} 8. O-O {[%clk
01:31:45]} {[%emt 00:00:41]} Qc7 {[%clk 01:30:36]} {[%emt 00:01:18]} 9. e4
{[%clk 01:31:03]} {[%emt 00:01:13]} dxe4 {[%clk 01:26:45]} {[%emt 00:04:21]}
10. Nxe4 {[%clk 01:30:35]} {[%emt 00:00:58]} Be7 {[%clk 01:23:42]} {[%emt
00:03:33]} 11. Qe2 {[%clk 01:28:51]} {[%emt 00:02:14]} b5 {[%clk 01:21:56]}
{[%emt 00:02:16]} 12. b3 {[%clk 01:27:31]} {[%emt 00:01:50]} Na5 {[%clk
01:20:11]} {[%emt 00:02:15]} 13. b4 {[%clk 01:25:18]} {[%emt 00:02:43]} Nc6
{[%clk 01:20:13]} {[%emt 00:00:28]} 14. Bg5 {[%clk 01:23:43]} {[%emt 00:02:05]}
Nd5 {[%clk 01:16:24]} {[%emt 00:04:18]} 15. Bxe7 {[%clk 01:21:35]} {[%emt
00:02:39]} Qxe7 {[%clk 01:15:37]} {[%emt 00:01:17]} 16. Rac1 {[%clk 01:19:30]}
{[%emt 00:02:34]} O-O {[%clk 01:14:28]} {[%emt 00:01:40]} 17. Bb1 {[%clk
01:19:35]} {[%emt 00:00:25]} e5 {[%clk 01:12:28]} {[%emt 00:02:30]} 18. dxe5
{[%clk 01:17:37]} {[%emt 00:02:28]} Nxe5 {[%clk 01:11:11]} {[%emt 00:01:47]}
19. Nxe5 {[%clk 01:15:28]} {[%emt 00:02:39]} Qxe5 {[%clk 01:11:23]} {[%emt
00:00:17]} 20. Rfe1 {[%clk 01:14:59]} {[%emt 00:01:00]} Bf5 {[%clk 01:10:44]}
{[%emt 00:01:09]} 21. Ng3 {[%clk 01:12:30]} {[%emt 00:02:58]} Qxe2 {[%clk
01:10:50]} {[%emt 00:00:24]} 22. Nxe2 {[%clk 01:12:38]} {[%emt 00:00:23]} Bxb1
{[%clk 01:10:55]} {[%emt 00:00:25]} 23. Rxb1 {[%clk 01:12:58]} {[%emt
00:00:11]} Rfe8 {[%clk 01:11:16]} {[%emt 00:00:06]} 24. Rbc1 {[%clk 01:12:27]}
{[%emt 00:01:02]} Re4 {[%clk 01:07:59]} {[%emt 00:03:47]} 25. Kf1 {[%clk
01:10:38]} {[%emt 00:02:19]} Rae8 {[%clk 01:07:31]} {[%emt 00:00:58]} 26. a3
{[%clk 01:07:42]} {[%emt 00:03:27]} f5 {[%clk 01:02:46]} {[%emt 00:05:13]} 27.
g3 {[%clk 01:05:24]} {[%emt 00:02:49]} g5 {[%clk 01:02:06]} {[%emt 00:01:10]}
28. Nd4 {[%clk 00:59:14]} {[%emt 00:06:40]} Rxe1+ {[%clk 00:59:08]} {[%emt
00:03:29]} 29. Rxe1 {[%clk 00:59:33]} {[%emt 00:00:10]} Rxe1+ {[%clk 00:59:33]}
{[%emt 00:00:05]} 30. Kxe1 {[%clk 00:59:56]} {[%emt 00:00:08]} Nxc3 {[%clk
00:59:56]} {[%emt 00:00:07]} 31. Kd2 {[%clk 00:59:35]} {[%emt 00:00:51]} Ne4+
{[%clk 01:00:11]} {[%emt 00:00:14]} 32. Ke2 {[%clk 00:56:57]} {[%emt 00:03:08]}
Nd6 {[%clk 00:58:43]} {[%emt 00:01:59]} 33. Ke3 {[%clk 00:55:34]} {[%emt
00:01:53]} Kf7 {[%clk 00:58:41]} {[%emt 00:00:31]} 34. f4 {[%clk 00:54:54]}
{[%emt 00:01:10]} g4 {[%clk 00:58:41]} {[%emt 00:00:31]} 35. Nc2 {[%clk
00:54:17]} {[%emt 00:01:07]} Ke6 {[%clk 00:57:31]} {[%emt 00:01:40]} 36. Kd4
{[%clk 00:54:04]} {[%emt 00:00:43]} Ne4 {[%clk 00:57:04]} {[%emt 00:00:57]} 37.
Ne3 {[%clk 00:52:39]} {[%emt 00:01:54]} a6 {[%clk 00:52:41]} {[%emt 00:04:54]}
38. Nf1 {[%clk 00:52:18]} {[%emt 00:00:50]} h6 {[%clk 00:48:04]} {[%emt
00:05:07]} 39. Ne3 {[%clk 00:51:22]} {[%emt 00:01:26]} h5 {[%clk 00:46:08]}
{[%emt 00:02:27]} 40. Nf1 {[%clk 00:51:18]} {[%emt 00:00:34]} Nf2 {[%clk
00:41:42]} {[%emt 00:04:56]} 41. Ne3 {[%clk 00:46:53]} {[%emt 00:04:54]} Ne4
{[%clk 00:39:20]} {[%emt 00:02:52]} 42. Nf1 {[%clk 00:46:49]} {[%emt 00:00:34]}
Nd6 {[%clk 00:37:37]} {[%emt 00:02:14]} 43. Ne3 {[%clk 00:44:53]} {[%emt
00:02:26]} Nb7 {[%clk 00:21:28]} {[%emt 00:16:39]} 44. Nf1 {[%clk 00:44:03]}
{[%emt 00:01:19]} Nd6 {[%clk 00:07:41]} {[%emt 00:14:17]} 1/2-1/2

[Event "DVM U16 2021"]
[Site "Kiel GER"]
[Date "2022.07.25"]
[Round "6"]
[White "Heilig, Tim Markus"]
[Black "Haubold, Henry"]
[Result "1-0"]
[Termination "normal"]
[Board "8.4"]
[WhiteElo "1365"]
[BlackElo "963"]
[WhiteClock "00:33:37"]
[BlackClock "00:42:27"]
[WhiteTeam "SF 1876 Göppingen"]
[BlackTeam "SV Grün-Weiß Niederwiesa"]
[PlyCount "87"]
[WhiteFideId "16295935"]
[BlackFideId "34628355"]
[EventCountry "GER"]
[EventRounds "7"]
[EventType "team-swiss"]
[EventDate "2022.07.22"]

1. c4 {[%clk 01:30:57]} {[%emt 00:00:02]} e5 {[%clk 01:30:57]} {[%emt
00:00:04]} 2. g3 {[%clk 01:31:20]} {[%emt 00:00:06]} Nc6 {[%clk 01:31:03]}
{[%emt 00:00:24]} 3. Bg2 {[%clk 01:31:43]} {[%emt 00:00:07]} Nf6 {[%clk
01:31:11]} {[%emt 00:00:22]} 4. Nc3 {[%clk 01:32:04]} {[%emt 00:00:09]} Bc5
{[%clk 01:31:09]} {[%emt 00:00:32]} 5. e3 {[%clk 01:30:33]} {[%emt 00:02:01]}
O-O {[%clk 01:29:24]} {[%emt 00:02:15]} 6. Nge2 {[%clk 01:30:05]} {[%emt
00:00:58]} d6 {[%clk 01:27:19]} {[%emt 00:02:35]} 7. h3 {[%clk 01:28:40]}
{[%emt 00:01:54]} Re8 {[%clk 01:25:29]} {[%emt 00:02:21]} 8. O-O {[%clk
01:27:43]} {[%emt 00:01:27]} Be6 {[%clk 01:23:24]} {[%emt 00:02:36]} 9. d4
{[%clk 01:27:02]} {[%emt 00:01:10]} Bb6 {[%clk 01:23:26]} {[%emt 00:00:28]} 10.
d5 {[%clk 01:26:58]} {[%emt 00:00:33]} Bxd5 {[%clk 01:22:47]} {[%emt 00:01:09]}
11. Nxd5 {[%clk 01:24:42]} {[%emt 00:02:46]} Nxd5 {[%clk 01:20:11]} {[%emt
00:03:07]} 12. Bxd5 {[%clk 01:22:45]} {[%emt 00:02:26]} Qd7 {[%clk 01:18:00]}
{[%emt 00:02:41]} 13. Bg2 {[%clk 01:21:58]} {[%emt 00:01:17]} Rab8 {[%clk
01:17:08]} {[%emt 00:01:23]} 14. Bd2 {[%clk 01:20:13]} {[%emt 00:02:15]} Ne7
{[%clk 01:16:12]} {[%emt 00:01:26]} 15. Qc2 {[%clk 01:16:34]} {[%emt 00:04:09]}
c6 {[%clk 01:11:42]} {[%emt 00:05:00]} 16. Rfd1 {[%clk 01:09:37]} {[%emt
00:07:27]} Qe6 {[%clk 01:08:16]} {[%emt 00:03:55]} 17. b4 {[%clk 01:08:04]}
{[%emt 00:02:03]} c5 {[%clk 01:05:30]} {[%emt 00:03:17]} 18. b5 {[%clk
01:06:08]} {[%emt 00:02:26]} Red8 {[%clk 01:03:18]} {[%emt 00:02:41]} 19. Nc3
{[%clk 01:04:55]} {[%emt 00:01:43]} g6 {[%clk 01:00:00]} {[%emt 00:03:48]} 20.
Qb3 {[%clk 01:01:12]} {[%emt 00:04:13]} Kf8 {[%clk 00:54:54]} {[%emt 00:05:36]}
21. a4 {[%clk 00:56:31]} {[%emt 00:05:11]} a5 {[%clk 00:52:01]} {[%emt
00:03:24]} 22. bxa6 {[%clk 00:55:11]} {[%emt 00:01:50]} bxa6 {[%clk 00:52:17]}
{[%emt 00:00:14]} 23. Qa2 {[%clk 00:54:26]} {[%emt 00:01:15]} a5 {[%clk
00:51:21]} {[%emt 00:01:26]} 24. Rab1 {[%clk 00:53:50]} {[%emt 00:01:05]} Bc7
{[%clk 00:50:59]} {[%emt 00:00:52]} 25. Rb5 {[%clk 00:52:14]} {[%emt 00:02:06]}
Rb6 {[%clk 00:50:04]} {[%emt 00:01:26]} 26. Rdb1 {[%clk 00:50:38]} {[%emt
00:02:06]} Rdb8 {[%clk 00:49:50]} {[%emt 00:00:44]} 27. Kh2 {[%clk 00:47:15]}
{[%emt 00:03:52]} f5 {[%clk 00:48:14]} {[%emt 00:02:07]} 28. Nd5 {[%clk
00:45:23]} {[%emt 00:02:21]} Nxd5 {[%clk 00:47:09]} {[%emt 00:01:35]} 29. Bxd5
{[%clk 00:45:43]} {[%emt 00:00:10]} Qe7 {[%clk 00:47:31]} {[%emt 00:00:09]} 30.
Bc3 {[%clk 00:41:53]} {[%emt 00:04:20]} Ke8 {[%clk 00:45:05]} {[%emt 00:02:56]}
31. Qd2 {[%clk 00:41:42]} {[%emt 00:00:41]} e4 {[%clk 00:43:01]} {[%emt
00:02:34]} 32. Bxa5 {[%clk 00:37:36]} {[%emt 00:04:36]} Rxb5 {[%clk 00:42:37]}
{[%emt 00:00:54]} 33. axb5 {[%clk 00:35:55]} {[%emt 00:02:11]} Bxa5 {[%clk
00:42:51]} {[%emt 00:00:16]} 34. Qxa5 {[%clk 00:36:14]} {[%emt 00:00:11]} h6
{[%clk 00:41:36]} {[%emt 00:01:45]} 35. b6 {[%clk 00:34:52]} {[%emt 00:01:50]}
Qd8 {[%clk 00:41:55]} {[%emt 00:00:13]} 36. Qa7 {[%clk 00:34:38]} {[%emt
00:00:43]} Qd7 {[%clk 00:41:47]} {[%emt 00:00:39]} 37. Qxb8+ {[%clk 00:34:55]}
{[%emt 00:00:13]} Ke7 {[%clk 00:41:53]} {[%emt 00:00:24]} 38. Qa7 {[%clk
00:34:57]} {[%emt 00:00:27]} Qxa7 {[%clk 00:41:30]} {[%emt 00:00:53]} 39. bxa7
{[%clk 00:35:22]} {[%emt 00:00:06]} Kf6 {[%clk 00:41:45]} {[%emt 00:00:15]} 40.
a8=Q {[%clk 00:35:30]} {[%emt 00:00:20]} h5 {[%clk 00:41:40]} {[%emt 00:00:37]}
41. Qd8+ {[%clk 00:35:24]} {[%emt 00:00:36]} Kg7 {[%clk 00:41:48]} {[%emt
00:00:22]} 42. Rb7+ {[%clk 00:34:16]} {[%emt 00:01:37]} Kh6 {[%clk 00:42:06]}
{[%emt 00:00:13]} 43. h4 {[%clk 00:33:59]} {[%emt 00:00:47]} g5 {[%clk
00:42:27]} {[%emt 00:00:09]} 44. Qxg5# {[%clk 00:33:37]} {[%emt 00:00:10]} 1-0

[Event "DVM U16 2021"]
[Site "Kiel GER"]
[Date "2022.07.25"]
[Round "6"]
[White "Hahn, Peter"]
[Black "Abou Wally, Adrian"]
[Result "1-0"]
[Termination "normal"]
[Board "9.1"]
[WhiteElo "1670"]
[BlackElo "1624"]
[WhiteClock "00:47:31"]
[BlackClock "00:06:23"]
[WhiteTeam "SK Kelheim 1920"]
[BlackTeam "SV Schott Jena"]
[PlyCount "65"]
[WhiteFideId "34627316"]
[BlackFideId "16245113"]
[EventCountry "GER"]
[EventRounds "7"]
[EventType "team-swiss"]
[EventDate "2022.07.22"]

1. d4 {[%clk 01:30:59]} {[%emt 00:00:01]} Nf6 {[%clk 01:30:56]} {[%emt
00:00:04]} 2. c4 {[%clk 01:31:26]} {[%emt 00:00:03]} g6 {[%clk 01:31:22]}
{[%emt 00:00:04]} 3. Nc3 {[%clk 01:31:52]} {[%emt 00:00:04]} Bg7 {[%clk
01:31:48]} {[%emt 00:00:04]} 4. e4 {[%clk 01:32:19]} {[%emt 00:00:03]} d6
{[%clk 01:32:13]} {[%emt 00:00:05]} 5. Be2 {[%clk 01:32:37]} {[%emt 00:00:11]}
O-O {[%clk 01:32:35]} {[%emt 00:00:08]} 6. Bg5 {[%clk 01:33:04]} {[%emt
00:00:04]} h6 {[%clk 01:32:31]} {[%emt 00:00:34]} 7. Be3 {[%clk 01:33:30]}
{[%emt 00:00:04]} e5 {[%clk 01:32:48]} {[%emt 00:00:13]} 8. d5 {[%clk
01:33:44]} {[%emt 00:00:16]} Nbd7 {[%clk 01:32:17]} {[%emt 00:01:01]} 9. Qd2
{[%clk 01:33:05]} {[%emt 00:01:09]} Kh7 {[%clk 01:32:39]} {[%emt 00:00:08]} 10.
f3 {[%clk 01:32:38]} {[%emt 00:00:57]} a5 {[%clk 01:28:29]} {[%emt 00:04:41]}
11. g4 {[%clk 01:32:57]} {[%emt 00:00:10]} Nc5 {[%clk 01:26:21]} {[%emt
00:02:38]} 12. h4 {[%clk 01:32:43]} {[%emt 00:00:43]} Ng8 {[%clk 01:17:12]}
{[%emt 00:09:39]} 13. O-O-O {[%emt 00:22:35]} Na6 {[%clk 01:09:06]} 14. a3
{[%clk 01:19:05]} {[%emt 00:00:40]} Nc5 {[%clk 01:08:18]} {[%emt 00:01:18]} 15.
Kb1 {[%clk 01:18:57]} {[%emt 00:00:38]} Bd7 {[%clk 00:54:41]} {[%emt 00:14:07]}
16. Nh3 {[%clk 01:17:35]} {[%emt 00:01:51]} a4 {[%clk 00:54:31]} {[%emt
00:00:41]} 17. f4 {[%clk 01:02:11]} {[%emt 00:15:53]} exf4 {[%clk 00:47:39]}
{[%emt 00:07:23]} 18. Bxf4 {[%clk 01:01:28]} {[%emt 00:01:13]} Re8 {[%clk
00:37:06]} {[%emt 00:11:03]} 19. h5 {[%clk 01:01:07]} {[%emt 00:00:51]} Nf6
{[%clk 00:25:01]} {[%emt 00:12:34]} 20. hxg6+ {[%clk 01:00:45]} {[%emt
00:00:52]} fxg6 {[%clk 00:24:41]} {[%emt 00:00:51]} 21. Nf2 {[%clk 01:00:54]}
{[%emt 00:00:20]} Ng8 {[%emt 00:03:11]} 22. Bg5 {[%clk 00:51:15]} {[%emt
00:10:08]} Qc8 {[%clk 00:17:47]} {[%emt 00:04:44]} 23. Rh3 {[%clk 00:50:48]}
{[%emt 00:00:57]} h5 {[%clk 00:14:11]} {[%emt 00:04:06]} 24. Rhh1 {[%clk
00:50:44]} {[%emt 00:00:34]} Rf8 {[%clk 00:12:20]} {[%emt 00:02:21]} 25. gxh5
{[%clk 00:50:37]} {[%emt 00:00:37]} Nf6 {[%clk 00:08:01]} {[%emt 00:04:50]} 26.
hxg6+ {[%clk 00:50:40]} {[%emt 00:00:27]} Kxg6 {[%clk 00:07:31]} {[%emt
00:01:00]} 27. Bxf6 {[%clk 00:49:18]} {[%emt 00:01:51]} Kxf6 {[%clk 00:07:42]}
{[%emt 00:00:19]} 28. Qd4+ {[%clk 00:47:03]} {[%emt 00:02:46]} Kf7 {[%clk
00:07:36]} {[%emt 00:00:36]} 29. Rh7 {[%clk 00:47:13]} {[%emt 00:00:19]} Rg8
{[%clk 00:06:10]} {[%emt 00:01:57]} 30. Rg1 {[%clk 00:47:10]} {[%emt 00:00:32]}
Qf8 {[%clk 00:05:48]} {[%emt 00:00:52]} 31. Bh5+ {[%clk 00:46:59]} {[%emt
00:00:42]} Ke7 {[%clk 00:06:00]} {[%emt 00:00:17]} 32. Rhxg7+ {[%clk 00:47:14]}
{[%emt 00:00:15]} Rxg7 {[%clk 00:06:23]} {[%emt 00:00:07]} 33. Qxg7+ {[%clk
00:47:31]} {[%emt 00:00:13]} 1-0

[Event "DVM U16 2021"]
[Site "Kiel GER"]
[Date "2022.07.25"]
[Round "6"]
[White "Eichhorn, Mathilda"]
[Black "Gold, Michael"]
[Result "1-0"]
[Termination "normal"]
[Board "9.2"]
[WhiteElo "1327"]
[BlackElo "1383"]
[WhiteClock "00:15:24"]
[BlackClock "01:15:13"]
[WhiteTeam "SV Schott Jena"]
[BlackTeam "SK Kelheim 1920"]
[PlyCount "53"]
[WhiteFideId "16242289"]
[BlackFideId "34605169"]
[EventCountry "GER"]
[EventRounds "7"]
[EventType "team-swiss"]
[EventDate "2022.07.22"]

1. e4 {[%clk 01:30:58]} {[%emt 00:00:01]} c5 {[%clk 01:30:57]} {[%emt
00:00:02]} 2. Nf3 {[%clk 01:31:19]} {[%emt 00:00:10]} d6 {[%clk 01:31:25]}
{[%emt 00:00:02]} 3. d4 {[%clk 01:31:35]} {[%emt 00:00:14]} cxd4 {[%clk
01:31:52]} {[%emt 00:00:03]} 4. Nxd4 {[%clk 01:31:57]} {[%emt 00:00:08]} Nf6
{[%clk 01:32:19]} {[%emt 00:00:03]} 5. Nc3 {[%clk 01:31:54]} {[%emt 00:00:33]}
Nc6 {[%clk 01:32:44]} {[%emt 00:00:05]} 6. Be2 {[%clk 01:28:10]} {[%emt
00:04:14]} e5 {[%clk 01:33:03]} {[%emt 00:00:11]} 7. Nb3 {[%clk 01:23:15]}
{[%emt 00:05:25]} Be7 {[%clk 01:33:25]} {[%emt 00:00:09]} 8. O-O {[%clk
01:23:06]} {[%emt 00:00:38]} O-O {[%clk 01:33:51]} {[%emt 00:00:04]} 9. Be3
{[%clk 01:18:02]} {[%emt 00:05:35]} Ng4 {[%clk 01:33:35]} {[%emt 00:00:45]} 10.
Bxg4 {[%clk 01:17:04]} {[%emt 00:01:28]} f5 {[%clk 01:33:17]} {[%emt 00:00:47]}
11. Bxf5 {[%clk 01:10:14]} {[%emt 00:07:21]} Bxf5 {[%clk 01:33:42]} {[%emt
00:00:06]} 12. exf5 {[%clk 01:10:35]} {[%emt 00:00:09]} Rxf5 {[%clk 01:34:09]}
{[%emt 00:00:02]} 13. Qg4 {[%clk 01:08:42]} {[%emt 00:02:22]} Qf8 {[%clk
01:33:54]} {[%emt 00:00:45]} 14. Nd5 {[%clk 01:05:44]} {[%emt 00:03:29]} Bd8
{[%clk 01:31:39]} {[%emt 00:02:45]} 15. c4 {[%clk 01:02:29]} {[%emt 00:03:45]}
h5 {[%clk 01:30:53]} {[%emt 00:01:17]} 16. Qe4 {[%clk 00:46:02]} {[%emt
00:16:56]} g5 {[%clk 01:28:46]} {[%emt 00:02:37]} 17. g4 {[%clk 00:44:07]}
{[%emt 00:02:25]} hxg4 {[%clk 01:28:53]} {[%emt 00:00:24]} 18. Qxg4 {[%clk
00:44:29]} {[%emt 00:00:08]} e4 {[%clk 01:28:08]} {[%emt 00:01:14]} 19. Qxe4
{[%clk 00:43:22]} {[%emt 00:01:38]} Ne5 {[%clk 01:28:34]} {[%emt 00:00:04]} 20.
f4 {[%clk 00:37:11]} {[%emt 00:06:41]} gxf4 {[%clk 01:28:05]} {[%emt 00:00:59]}
21. Bxf4 {[%clk 00:36:53]} {[%emt 00:00:48]} Qg7+ {[%clk 01:19:50]} {[%emt
00:08:44]} 22. Qg2 {[%clk 00:29:08]} {[%emt 00:08:15]} Bg5 {[%clk 01:17:47]}
{[%emt 00:02:33]} 23. Bxe5 {[%clk 00:21:17]} {[%emt 00:08:21]} Rxe5 {[%clk
01:17:51]} {[%emt 00:00:27]} 24. Rf3 {[%clk 00:20:42]} {[%emt 00:01:05]} Rae8
{[%clk 01:17:50]} {[%emt 00:00:31]} 25. Raf1 {[%clk 00:16:30]} {[%emt
00:04:42]} Re2 {[%clk 01:17:58]} {[%emt 00:00:21]} 26. R3f2 {[%clk 00:15:43]}
{[%emt 00:01:17]} Rxf2 {[%clk 01:15:13]} {[%emt 00:03:15]} 27. Rxf2 {[%clk
00:15:24]} {[%emt 00:00:49]} 1-0

[Event "DVM U16 2021"]
[Site "Kiel GER"]
[Date "2022.07.25"]
[Round "6"]
[White "Weinberger, Maxim"]
[Black "Junge, Mattheo Gabriel"]
[Result "0-1"]
[Termination "normal"]
[Board "9.3"]
[WhiteElo "1153"]
[BlackElo "1146"]
[WhiteClock "01:26:26"]
[BlackClock "00:45:02"]
[WhiteTeam "SK Kelheim 1920"]
[BlackTeam "SV Schott Jena"]
[PlyCount "110"]
[WhiteFideId "16290330"]
[BlackFideId "34605908"]
[EventCountry "GER"]
[EventRounds "7"]
[EventType "team-swiss"]
[EventDate "2022.07.22"]

1. e4 {[%clk 01:30:59]} e5 {[%clk 01:30:53]} {[%emt 00:00:07]} 2. Nf3 {[%clk
01:31:26]} {[%emt 00:00:03]} Nc6 {[%clk 01:31:18]} {[%emt 00:00:06]} 3. Bc4
{[%clk 01:31:37]} {[%emt 00:00:19]} Bc5 {[%clk 01:31:37]} {[%emt 00:00:11]} 4.
c3 {[%clk 01:31:39]} {[%emt 00:00:28]} Nf6 {[%clk 01:32:02]} {[%emt 00:00:05]}
5. d3 {[%clk 01:31:58]} {[%emt 00:00:11]} O-O {[%clk 01:32:14]} {[%emt
00:00:16]} 6. O-O {[%clk 01:32:14]} {[%emt 00:00:15]} d6 {[%clk 01:32:15]}
{[%emt 00:00:29]} 7. Bg5 {[%clk 01:31:35]} {[%emt 00:01:09]} Be6 {[%clk
01:30:49]} {[%emt 00:01:56]} 8. Bb5 {[%clk 01:30:17]} {[%emt 00:01:48]} a6
{[%clk 01:28:22]} {[%emt 00:02:57]} 9. Ba4 {[%clk 01:30:33]} {[%emt 00:00:15]}
b5 {[%clk 01:28:28]} {[%emt 00:00:24]} 10. Bc2 {[%clk 01:30:36]} {[%emt
00:00:27]} d5 {[%clk 01:24:59]} {[%emt 00:03:58]} 11. Nxe5 {[%clk 01:28:05]}
{[%emt 00:03:02]} Nxe5 {[%clk 01:22:15]} {[%emt 00:03:13]} 12. d4 {[%clk
01:28:21]} {[%emt 00:00:14]} h6 {[%clk 01:21:25]} {[%emt 00:01:20]} 13. Bxf6
{[%clk 01:26:25]} {[%emt 00:02:27]} Qxf6 {[%clk 01:20:27]} {[%emt 00:01:28]}
14. dxe5 {[%clk 01:25:42]} {[%emt 00:01:12]} Qxe5 {[%clk 01:20:32]} {[%emt
00:00:25]} 15. exd5 {[%clk 01:25:31]} {[%emt 00:00:42]} Qxd5 {[%clk 01:20:25]}
{[%emt 00:00:37]} 16. Qxd5 {[%clk 01:25:32]} {[%emt 00:00:28]} Bxd5 {[%clk
01:20:47]} {[%emt 00:00:08]} 17. b4 {[%clk 01:25:46]} {[%emt 00:00:17]} Bb6
{[%clk 01:21:08]} {[%emt 00:00:09]} 18. a4 {[%clk 01:25:22]} {[%emt 00:00:54]}
Rfe8 {[%clk 01:20:10]} {[%emt 00:01:26]} 19. axb5 {[%clk 01:25:23]} {[%emt
00:00:30]} Bc4 {[%clk 01:16:21]} {[%emt 00:04:19]} 20. Rd1 {[%clk 01:24:35]}
{[%emt 00:01:19]} Bxb5 {[%clk 01:07:53]} {[%emt 00:08:58]} 21. Na3 {[%clk
01:24:16]} {[%emt 00:00:49]} Bc6 {[%clk 01:05:26]} {[%emt 00:02:56]} 22. Nc4
{[%clk 01:24:26]} {[%emt 00:00:21]} Ba7 {[%clk 00:58:51]} {[%emt 00:07:05]} 23.
Na5 {[%clk 01:24:25]} {[%emt 00:00:31]} Be4 {[%clk 00:55:54]} {[%emt 00:03:26]}
24. Bxe4 {[%clk 01:24:18]} {[%emt 00:00:37]} Rxe4 {[%clk 00:56:18]} {[%emt
00:00:06]} 25. Nc6 {[%clk 01:24:36]} {[%emt 00:00:13]} Bb6 {[%clk 00:56:16]}
{[%emt 00:00:31]} 26. Nd4 {[%clk 01:23:06]} {[%emt 00:02:01]} Rd8 {[%clk
00:50:15]} {[%emt 00:06:30]} 27. Nf5 {[%clk 01:21:42]} {[%emt 00:01:54]} Rxd1+
{[%clk 00:48:06]} {[%emt 00:02:39]} 28. Rxd1 {[%clk 01:22:08]} {[%emt
00:00:05]} Bxf2+ {[%clk 00:46:04]} {[%emt 00:02:31]} 29. Kxf2 {[%clk 01:22:22]}
{[%emt 00:00:16]} Rf4+ {[%clk 00:46:29]} {[%emt 00:00:05]} 30. Ke3 {[%clk
01:22:34]} {[%emt 00:00:19]} Rxf5 {[%clk 00:46:50]} {[%emt 00:00:09]} 31. Rd8+
{[%clk 01:22:32]} {[%emt 00:00:31]} Kh7 {[%clk 00:47:10]} {[%emt 00:00:09]} 32.
Rc8 {[%clk 01:22:45]} {[%emt 00:00:18]} Re5+ {[%clk 00:46:22]} {[%emt
00:01:18]} 33. Kd3 {[%clk 01:22:33]} {[%emt 00:00:43]} Re7 {[%clk 00:46:39]}
{[%emt 00:00:12]} 34. Ra8 {[%clk 01:22:46]} {[%emt 00:00:17]} Rd7+ {[%clk
00:45:15]} {[%emt 00:01:54]} 35. Kc2 {[%clk 01:23:03]} {[%emt 00:00:13]} Rd6
{[%clk 00:45:38]} {[%emt 00:00:08]} 36. Ra7 {[%clk 01:23:24]} {[%emt 00:00:09]}
Rf6 {[%clk 00:44:02]} {[%emt 00:02:05]} 37. Rxc7 {[%clk 01:23:27]} {[%emt
00:00:28]} Rf2+ {[%clk 00:44:14]} {[%emt 00:00:16]} 38. Kb3 {[%clk 01:23:53]}
{[%emt 00:00:05]} Rxg2 {[%clk 00:44:38]} {[%emt 00:00:07]} 39. h4 {[%clk
01:24:15]} {[%emt 00:00:08]} f5 {[%clk 00:43:36]} {[%emt 00:01:31]} 40. Ra7
{[%clk 01:24:03]} {[%emt 00:00:42]} Rg6 {[%clk 00:43:37]} {[%emt 00:00:29]} 41.
Rf7 {[%clk 01:24:11]} {[%emt 00:00:22]} Rg4 {[%clk 00:43:30]} {[%emt 00:00:37]}
42. Rxf5 {[%clk 01:24:34]} {[%emt 00:00:07]} Rxh4 {[%clk 00:43:54]} {[%emt
00:00:06]} 43. Ra5 {[%clk 01:24:29]} {[%emt 00:00:35]} g5 {[%clk 00:43:59]}
{[%emt 00:00:25]} 44. Rxa6 {[%clk 01:24:55]} {[%emt 00:00:05]} g4 {[%clk
00:43:51]} {[%emt 00:00:38]} 45. b5 {[%clk 01:25:20]} {[%emt 00:00:05]} g3
{[%clk 00:44:09]} {[%emt 00:00:12]} 46. b6 {[%clk 01:25:42]} {[%emt 00:00:08]}
g2 {[%clk 00:44:27]} {[%emt 00:00:12]} 47. Ra1 {[%clk 01:26:06]} {[%emt
00:00:05]} Rh1 {[%emt 00:00:24]} 48. Ra7+ {[%clk 01:26:28]} Kg6 {[%clk
00:44:45]} {[%emt 00:00:26]} 49. Ra6 {[%clk 01:26:44]} {[%emt 00:00:14]} g1=Q
{[%clk 00:44:40]} {[%emt 00:00:35]} 50. b7+ {[%clk 01:27:09]} {[%emt 00:00:06]}
Kh7 {[%clk 00:43:47]} {[%emt 00:01:22]} 51. Ra4 {[%clk 01:24:51]} {[%emt
00:02:48]} Qb1+ {[%clk 00:44:01]} {[%emt 00:00:15]} 52. Kc4 {[%clk 01:25:13]}
{[%emt 00:00:09]} Qxb7 {[%clk 00:44:06]} {[%emt 00:00:24]} 53. Rb4 {[%clk
01:25:36]} {[%emt 00:00:09]} Rh4+ {[%clk 00:44:26]} {[%emt 00:00:09]} 54. Kb3
{[%clk 01:26:01]} {[%emt 00:00:06]} Rxb4+ {[%clk 00:44:49]} {[%emt 00:00:06]}
55. cxb4 {[%clk 01:26:26]} {[%emt 00:00:05]} h5 {[%clk 00:45:02]} {[%emt
00:00:16]} 0-1